<?xml version='1.0' encoding='UTF-8'?>
  <record xmlns="http://www.loc.gov/MARC21/slim">
    <leader>00000cam a2200000 i 4500</leader>
    <controlfield tag="001">ocn902599478</controlfield>
    <controlfield tag="003">OCoLC</controlfield>
    <controlfield tag="005">20251015061627.6</controlfield>
    <controlfield tag="008">150130s1552    gw            000 0 lat d</controlfield>
    <datafield tag="040" ind1=" " ind2=" ">
      <subfield code="a">NLGGC</subfield>
      <subfield code="b">eng</subfield>
      <subfield code="e">rda</subfield>
      <subfield code="e">dcrmr</subfield>
      <subfield code="c">NLGGC</subfield>
      <subfield code="d">OCLCO</subfield>
      <subfield code="d">QGJ</subfield>
      <subfield code="d">OCLCQ</subfield>
      <subfield code="d">OCLCL</subfield>
      <subfield code="d">OCLCQ</subfield>
      <subfield code="d">QGJ</subfield>
    </datafield>
    <datafield tag="029" ind1="0" ind2=" ">
      <subfield code="a">NLGGC</subfield>
      <subfield code="b">388958537</subfield>
    </datafield>
    <datafield tag="035" ind1=" " ind2=" ">
      <subfield code="a">(OCoLC)902599478</subfield>
    </datafield>
    <datafield tag="082" ind1="0" ind2="4">
      <subfield code="a">340</subfield>
      <subfield code="q">OCoLC</subfield>
      <subfield code="1">https://id.oclc.org/worldcat/ddc/E3XCWjTw67bJDmC6Fyrr7R4bbr</subfield>
    </datafield>
    <datafield tag="100" ind1="1" ind2=" ">
      <subfield code="a">Lagus, Conradus,</subfield>
      <subfield code="d">-1546,</subfield>
      <subfield code="e">author.</subfield>
      <subfield code="4">aut</subfield>
      <subfield code="1">https://id.oclc.org/worldcat/entity/E39PBJrrBtj37W9PrQjTmKCqQq</subfield>
    </datafield>
    <datafield tag="240" ind1="1" ind2="0">
      <subfield code="a">Juris utriusque traditio methodica</subfield>
    </datafield>
    <datafield tag="245" ind1="1" ind2="0">
      <subfield code="a">Iuris vtriusque traditio methodica, :</subfield>
      <subfield code="b">omnem omnium titulorum, tam pontificii, quam caesarei iuris  materiam &amp; genus, Glossarum item &amp; Interpretum abstrusiora uocabula scienter &amp; summatim explicata: postremò &amp; iudiciarij ordinis modum, ad practicam forensem accommodatum, complectens. /</subfield>
      <subfield code="c">Ex ore Doctißimi uiri Dn. Conradi Lagi Iureconsulti annotata, atq[ue] in gratiam et singularem utilitatem studiosorum, iterum excusa, ; et emendatius aedita, unà cum Summarijs et Scho-||lijs Iustiini Gobleri Goarini, Iureconsulti. ; Adiecta sunt Doctorum aliquot uirorum opuscula, De ratione docendi, discendiq[ue] iuris Civilis, quorum catalogus uersa pagina reperies.</subfield>
    </datafield>
    <datafield tag="246" ind1="1" ind2="0">
      <subfield code="a">Ivris vtrivsque traditio methodica</subfield>
    </datafield>
    <datafield tag="264" ind1=" " ind2="1">
      <subfield code="a">Franc. :</subfield>
      <subfield code="b">apud Chr. Egenolphum.,</subfield>
      <subfield code="c">Mense Aprili. Anno 1552.</subfield>
    </datafield>
    <datafield tag="300" ind1=" " ind2=" ">
      <subfield code="a">[68] pages, leaves 1-6, pages 7-633, [1] page ;</subfield>
      <subfield code="c">31 cm (folio)</subfield>
    </datafield>
    <datafield tag="336" ind1=" " ind2=" ">
      <subfield code="a">text</subfield>
      <subfield code="b">txt</subfield>
      <subfield code="2">rdacontent</subfield>
    </datafield>
    <datafield tag="337" ind1=" " ind2=" ">
      <subfield code="a">unmediated</subfield>
      <subfield code="b">n</subfield>
      <subfield code="2">rdamedia</subfield>
    </datafield>
    <datafield tag="338" ind1=" " ind2=" ">
      <subfield code="a">volume</subfield>
      <subfield code="b">nc</subfield>
      <subfield code="2">rdacarrier</subfield>
    </datafield>
    <datafield tag="340" ind1=" " ind2=" ">
      <subfield code="m">folio</subfield>
      <subfield code="2">rdabf</subfield>
    </datafield>
    <datafield tag="500" ind1=" " ind2=" ">
      <subfield code="a">Imprint: Franc. Apud Chr. Egenolphum.</subfield>
    </datafield>
    <datafield tag="500" ind1=" " ind2=" ">
      <subfield code="a">Date of publication from colophon, which reads: Colophon: Francoforti, Apud Christianum Egenolphum, Mense Aprili. Anno 1552.</subfield>
    </datafield>
    <datafield tag="500" ind1=" " ind2=" ">
      <subfield code="a">Printer's device on title page and on last page. On last page with slogan:  Sacrificium Deo, cor humiliatum. Psal.50. Pietas ad omnia utilis est, promissionem habens vitae praesentis &amp; futurae. 1. Timo. 4.</subfield>
    </datafield>
    <datafield tag="500" ind1=" " ind2=" ">
      <subfield code="a">Historiated initials; printed, marginal notes.</subfield>
    </datafield>
    <datafield tag="500" ind1=" " ind2=" ">
      <subfield code="a">Signatures: [alpha]-[eta]⁶ [zeta]⁴ A-Z⁶ a-z⁶ Aa-Ff⁶ Gg⁸.</subfield>
    </datafield>
    <datafield tag="505" ind1="8" ind2="0">
      <subfield code="g">Contains also: [1.]</subfield>
      <subfield code="t">Claudii Cantiunculae Iurisconsulti De ratione studij legalis, Par[a]enesis ad amicum anonymum --</subfield>
      <subfield code="g">[2.]</subfield>
      <subfield code="t">Christophori Hegendorphini De Compendiaria discendi iura ciuilia ratione, ad Mauricium Breunlerum consilium --</subfield>
      <subfield code="g">[3.]</subfield>
      <subfield code="t">Francisci Duareni ad Andream Guillartum,  ... De ratione docendi, discendiq[ue] iuris conscripta Epistola --</subfield>
      <subfield code="g">[4.]</subfield>
      <subfield code="t">De ratione docendi discendiq[ue] iuris ciuilis ad juventutem /</subfield>
      <subfield code="r">Eguinarius Baro --</subfield>
      <subfield code="g">[5.]</subfield>
      <subfield code="t">Andreae Alciati iudicium, quos legum interpretes potissimum parare sibi studiosi debeant.</subfield>
    </datafield>
    <datafield tag="510" ind1="4" ind2=" ">
      <subfield code="a">Verzeichnis der im deutschen Sprachbereich erschienenen Drucke des 16. Jahrhunderts (VD 16),</subfield>
      <subfield code="c">L 114</subfield>
      <subfield code="u">https://gateway-bayern.de/VD16+L+114</subfield>
    </datafield>
    <datafield tag="510" ind1="4" ind2=" ">
      <subfield code="3">Chansonnette, Claude. De ratione studii legalis paraenesis:</subfield>
      <subfield code="a">Verzeichnis der im deutschen Sprachbereich erschienenen Drucke des 16. Jahrhunderts (VD 16),</subfield>
      <subfield code="c">C 2040</subfield>
      <subfield code="u">https://gateway-bayern.de/VD16+C+2040</subfield>
    </datafield>
    <datafield tag="510" ind1="4" ind2=" ">
      <subfield code="3">Hegendorff, Christoph. De compendiaria discendi iura civilia ratione consilium:</subfield>
      <subfield code="a">Verzeichnis der im deutschen Sprachbereich erschienenen Drucke des 16. Jahrhunderts (VD 16),</subfield>
      <subfield code="c">H 1151</subfield>
      <subfield code="u">https://gateway-bayern.de/VD16+H+1151</subfield>
    </datafield>
    <datafield tag="510" ind1="4" ind2=" ">
      <subfield code="3">Douaren, François. De ratione docendi discendique iuris ... epistola:</subfield>
      <subfield code="a">Verzeichnis der im deutschen Sprachbereich erschienenen Drucke des 16. Jahrhunderts,</subfield>
      <subfield code="c">D 2454</subfield>
      <subfield code="u">https://gateway-bayern.de/VD16+D+2454</subfield>
    </datafield>
    <datafield tag="510" ind1="4" ind2=" ">
      <subfield code="3">Baron, Éguinaire. De ratione docendi discendique iuris civilis:</subfield>
      <subfield code="a">Verzeichnis der im deutschen Sprachbereich erschienenen Drucke des 16. Jahrhunderts,</subfield>
      <subfield code="c">B 421</subfield>
      <subfield code="u">https://gateway-bayern.de/VD16+B+421</subfield>
    </datafield>
    <datafield tag="650" ind1=" " ind2="0">
      <subfield code="a">Procedure (Roman law)</subfield>
    </datafield>
    <datafield tag="650" ind1=" " ind2="0">
      <subfield code="a">Lawyers</subfield>
      <subfield code="v">Handbooks, manuals, etc.</subfield>
      <subfield code="v">Early works to 1800.</subfield>
    </datafield>
    <datafield tag="650" ind1=" " ind2="6">
      <subfield code="a">Procédure (Droit romain)</subfield>
    </datafield>
    <datafield tag="650" ind1=" " ind2="6">
      <subfield code="a">Avocats</subfield>
      <subfield code="v">Guides, manuels, etc.</subfield>
      <subfield code="v">Ouvrages avant 1800.</subfield>
    </datafield>
    <datafield tag="650" ind1=" " ind2="7">
      <subfield code="a">Lawyers</subfield>
      <subfield code="2">fast</subfield>
    </datafield>
    <datafield tag="650" ind1=" " ind2="7">
      <subfield code="a">Procedure (Roman law)</subfield>
      <subfield code="2">fast</subfield>
    </datafield>
    <datafield tag="655" ind1=" " ind2="7">
      <subfield code="a">Early works</subfield>
      <subfield code="2">fast</subfield>
    </datafield>
    <datafield tag="655" ind1=" " ind2="7">
      <subfield code="a">Handbooks and manuals</subfield>
      <subfield code="2">fast</subfield>
    </datafield>
    <datafield tag="700" ind1="1" ind2=" ">
      <subfield code="a">Göbler, Justinus,</subfield>
      <subfield code="d">1503 or 1504-1567,</subfield>
      <subfield code="e">commentator for written text,</subfield>
      <subfield code="e">cwt.</subfield>
      <subfield code="1">https://id.oclc.org/worldcat/entity/E39PBJvRXvR4p6yr8qCDTyj9jC</subfield>
    </datafield>
    <datafield tag="700" ind1="1" ind2="2">
      <subfield code="i">Container of (work):</subfield>
      <subfield code="a">Cantiuncula, Claudius,</subfield>
      <subfield code="d">-1560?</subfield>
      <subfield code="t">De ratione studii legalis paraenesis.</subfield>
    </datafield>
    <datafield tag="700" ind1="1" ind2="2">
      <subfield code="i">Container of (work):</subfield>
      <subfield code="a">Hegendorph, Christoph,</subfield>
      <subfield code="d">1500-1540.</subfield>
      <subfield code="t">Consilium de compendiaria discendi iura civilia ratione.</subfield>
    </datafield>
    <datafield tag="700" ind1="1" ind2="2">
      <subfield code="i">Container of (work):</subfield>
      <subfield code="a">Douaren, François,</subfield>
      <subfield code="d">1509-1559.</subfield>
      <subfield code="t">Epistola ad Andream Guillartum de ratione docendi, discendique iuris conscripta.</subfield>
    </datafield>
    <datafield tag="700" ind1="1" ind2=" ">
      <subfield code="i">Container of (work):</subfield>
      <subfield code="a">Baron, Éguinaire,</subfield>
      <subfield code="d">1495-1550.</subfield>
      <subfield code="t">De ratione docendi discendique iuris civilis.</subfield>
    </datafield>
    <datafield tag="700" ind1="1" ind2=" ">
      <subfield code="a">Alciati, Andrea,</subfield>
      <subfield code="d">1492-1550,</subfield>
      <subfield code="e">contributor.</subfield>
      <subfield code="4">ctb</subfield>
      <subfield code="1">https://id.oclc.org/worldcat/entity/E39PBJf4hpJgCCXJ8BBGYdJqwC</subfield>
    </datafield>
    <datafield tag="700" ind1="0" ind2=" ">
      <subfield code="a">Jan,</subfield>
      <subfield code="c">van Nassau, Count of Nassau, Katzenelnbogen, and Diez,</subfield>
      <subfield code="d">1535-1606,</subfield>
      <subfield code="e">dedicatee.</subfield>
      <subfield code="4">dte</subfield>
      <subfield code="1">https://id.oclc.org/worldcat/entity/E39PCjyRVPd8T9jH36KrQ7r47b</subfield>
    </datafield>
    <datafield tag="700" ind1="0" ind2=" ">
      <subfield code="a">Lodewijk,</subfield>
      <subfield code="c">Count of Nassau,</subfield>
      <subfield code="d">1538-1574,</subfield>
      <subfield code="e">dedicatee.</subfield>
      <subfield code="4">dte</subfield>
    </datafield>
    <datafield tag="700" ind1="0" ind2=" ">
      <subfield code="a">Adolf,</subfield>
      <subfield code="c">Count of Nassau,</subfield>
      <subfield code="d">1540-1568,</subfield>
      <subfield code="e">dedicatee.</subfield>
      <subfield code="4">dte</subfield>
    </datafield>
    <datafield tag="700" ind1="0" ind2=" ">
      <subfield code="a">Hendrik,</subfield>
      <subfield code="c">Count of Nassau,</subfield>
      <subfield code="d">1550-1574,</subfield>
      <subfield code="e">dedicatee.</subfield>
      <subfield code="4">dte</subfield>
    </datafield>
    <datafield tag="700" ind1="1" ind2=" ">
      <subfield code="a">Egenolff, Christian,</subfield>
      <subfield code="d">1502-1555,</subfield>
      <subfield code="e">printer.</subfield>
      <subfield code="4">prt</subfield>
      <subfield code="1">https://id.oclc.org/worldcat/entity/E39PBJppBxQ8MtKPpbtdh3cpT3</subfield>
    </datafield>
    <datafield tag="752" ind1=" " ind2=" ">
      <subfield code="a">Germany</subfield>
      <subfield code="d">Frankfurt am Main,</subfield>
      <subfield code="e">publication place.</subfield>
      <subfield code="4">pup</subfield>
    </datafield>
    <datafield tag="936" ind1=" " ind2=" ">
      <subfield code="a">BATCHLOAD</subfield>
    </datafield>
  </record>